Responses for Show #6277 - Tuesday, December 27, 2011

Jason Keller game 8.

Contestants

[<< previous game]

Andrew Robinson, a graduate student of international science and technology policy from Washington, D.C.

Bill Moreau, an elementary school teacher from Woodbridge, Ontario

Jason Keller, a tutor from Highland Park, New Jersey (whose 7-day cash winnings total $183,900)

[next game >>]

Jeopardy! Round responses

MUSICAL INSTRUMENTS
TALKING ITALIAN
DECADES OF DISASTER
FOOD PREPARATION
LESSER-KNOWN AMERICANS
TIPS ON NETWORKING
(Alex: And you have to identify the television channel for us.)
    $200 1
the bugle

Bill
    $200 2
(Alex: Si, bueno, bueno.)

thank you & you're welcome

Jason
    $200 11
the 1940s

Bill
    $200 22
a serrated edge

Jason
    $200 25
Campbell's

Bill
    $200 14
Animal Planet

Jason
    $400 3
the f-holes

Bill
    $400 4
eight

Bill
    $400 12
the 1980s

Bill
    $400 24
(Bill: What is a marinade?)
[Originally ruled incorrect, reversed before Double Jeopardy! Round because "we received some input from gourmets and gourmands on our staff who inform us that papain can be used as part of a marinade to tenderize meat".]

a tenderizer

Bill
    $400 27
the KKK (Ku Klux Klan)

Jason
    $400 15
Comedy Central

Andrew
    $600 7
a piccolo

Jason
    $600 5
who, what, where, why & when

Bill
    $600 13
the 1910s

Jason
    $600 26
blackening

Jason
    $600 28
pencils

Andrew
    $600 19
Lifetime

Andrew
    $800 8
bells

Bill
    $800 6
Monday

Jason
    $800 20
the 1970s

Bill
    $800 29
paella

Jason
    $800 16
Kansas

Triple Stumper
    $800 17
Nickelodeon

Andrew
    $1000 10
a calliope

Bill
    $1000 9
(Jason: What's a hammer?)

a screwdriver

Jason
Triple Stumper
    $2,000 21
(Bill: What are the 1920s?)

the 1890s

Bill
    $1000 30
brining

Jason
    $1000 23
saints

Jason
    $1000 18
A&E

Jason

Scores at the first commercial break (after clue 15):

Jason Bill Andrew
$1,400 $4,000 $400

Scores at the end of the Jeopardy! Round:

Jason Bill Andrew
$6,400 $3,400 $2,400

Double Jeopardy! Round responses

COSMOPOLITAN
ELLE
A LURE
"W"
RED BOOK
WAITING FOR THE HAIRDRESSER
    $400 14
Barcelona

Andrew
    $400 8
Inception

Andrew
    $400 21
a rooster (tail)

Jason
    $400 2
a widower

Bill
    $400 16
One Fish Two Fish Red Fish Blue Fish

Jason
    $400 18
trim

Bill
    $800 12
Khartoum

Andrew
    $800 22
(Alex: With less than a minute to go.)

rubies

Andrew
    $800 3
a wildcat

Andrew
    $3,000 17
The Red Badge of Courage

Jason
    $800 19
(Bill: What is wax?)
[Gentle laughter all around]
(Alex: What is [*]? It's a shame we don't have any women on the program today to deal with this subject which seems foreign to the fellows.)

a blowout

Bill
Triple Stumper
    $1200 11
Mumbai

Bill
    $1200 5
tuna

Jason
    $1200 6
a wingman

Jason
    $1200 15
(Andrew: What is The Scarlet Pimpernel?)

The Red and the Black

JasonAndrew
    $1200 20
Tabatha

Jason
    $1600 10
Liechtenstein

Jason
    $1600 13
(Andrew: What is a jig?)

flies

JasonAndrew
    $1600 1
a welt

Bill
    $1600 4
(Carl) Jung

Andrew
    $5,200 9
(Andrew: What is Odessa?)

Yalta

Andrew
    $2000 24
Julie Delpy

Andrew
    $2000 23
(Jason: What's an Estes pike?)

a muskie

Jason
Triple Stumper
    $2000 7
wainscoting

Jason
    $2000 25
[The end-of-round signal sounds.]

The Thin Red Line

Andrew

Scores at the end of the Double Jeopardy! Round:

Jason Bill Andrew
$18,200 $6,200 $3,200
(lock game)

[wagering suggestions for these scores]

Final Jeopardy! Round responses

PRESIDENTIAL INAUGURATIONS
(Alex: [After Bill's wager reveal] Ooh, it's a contest! I wonder if Jason'll wind up with $3.)
AndrewWho is Calvin Coolidge?
$3,198
BillWho is F.D.R.?
$6,199
JasonWho was Wilson?
$0
Woodrow Wilson

Final scores:

Jason Bill Andrew
$18,200 $1 $2
8-day champion: $202,100 3rd place: $1,000 2nd place: $2,000

Game dynamics:

Coryat scores:

Jason Bill Andrew
$16,000 $8,200 $8,400
22 R
(including 1 DD),
2 W
15 R,
2 W
(including 1 DD)
12 R,
3 W
(including 1 DD)

Combined Coryat: $32,600

[game clues] [game scores] [suggest correction]

Game tape date: 2011-11-01
The J! Archive is created by fans, for fans. Scraping, republication, monetization, and malicious use prohibited; this site may use cookies and collect identifying information. See terms. The Jeopardy! game show and all elements thereof, including but not limited to copyright and trademark thereto, are the property of Jeopardy Productions, Inc. and are protected under law. This website is not affiliated with, sponsored by, or operated by Jeopardy Productions, Inc. Join the discussion at JBoard.tv.